| 000 | 00338nam a22000977a 4500 | ||
|---|---|---|---|
| 999 |
_c516896 _d516896 |
||
| 082 | _aTNC BA27x54 Ah51 | ||
| 100 |
_aAhmad, Imtiaz and Upadhyay, Shashi Bhushan ed. _923729 |
||
| 245 |
_aDalit assertion in society, history and literature _cEdited by Imtiaz Ahmad and Shashi Bhushan Upadhyay |
||
| 260 |
_aDelhi _bDeshkal _c2007 |
||
| 300 | _a283p. | ||